MODELLING forest systems

Bibliographic Details
Other Authors: Amaro (Ana) , 1960-, Reed (David) , 1956-, Soares (Paula) , 1967-
Format: Book
Published: Wallingford, Oxon, UK ; Cambridge, MA : CABI Pub. , 2003
Subjects:

MARC

LEADER 00000cam a2200000 7i4500
001 0000003012
005 20040401.0
020 0 0 |a 0851996930 
090 0 0 |a 634.9015118   |b MOD 2003 
245 0 0 |a MODELLING forest systems   |c edited by A. Amaro, D. Reed and P. Soares 
260 0 0 |a Wallingford, Oxon, UK ; Cambridge, MA :   |b CABI Pub. ,   |c 2003 
300 |a xii, 401 p. :   |b ill., maps ;   |c 26 cm. 
500 0 0 |a Includes bibliographical references 
650 0 0 |a Forest ecology   |x Mathematical models   |x Congresses 
650 0 0 |a Forest management   |x Mathematical models   |x Congresses 
650 0 0 |a Forests and forestry   |x Mathematical models   |x Congresses 
700 0 1 |a Amaro   |h A. ,   |d (Ana) ,   |c 1960- 
700 0 1 |a Reed   |h D. ,   |d (David) ,   |c 1956- 
700 0 1 |a Soares   |h P. ,   |d (Paula) ,   |c 1967- 
998 |a JPSM 
999 |a 0000005304   |b Monograph   |c Open Shelf   |e Default branch